Представление документа в формате RUSMARC

ПолеНазваниеЗначение
  Тип записи a
  Библиографический уровень m
001 Контрольный номер RU/IS/BASE/348071541
005 Дата корректировки 20201206204750.7
010 Индекс ISBN __
a ISBN 978-5-392-01450-7
d Цена 278-19
101 Язык документа __
a Язык текста rus
200 Заглавие и сведения об ответственности 1_
a Заглавие Авторское право
e Сведения, относящиеся к заглавию учебник
f Первые сведения об ответственности С. А. Судариков
b Общее обозначение материала Текст
210 Выходные данные __
a Место издания М.
c Издательство Проспект
d Дата издания 2011
215 Физическое описание __
a Объем 463, [1] с.
327 Примечание о содержании __
a Примечание о содержании Гражданский кодекс Российской Федерации (извлеч.)
327 Примечание о содержании __
a Примечание о содержании Бернская конвенция по охране литературных и художественных произведений (извлеч.)
327 Примечание о содержании __
a Примечание о содержании Соглашение ТРИПС (извлеч.)
327 Примечание о содержании __
a Примечание о содержании Договор ВОИС по авторскому праву (извлеч.)
327 Примечание о содержании __
a Примечание о содержании Договор ВОИС по исполнениям и фонограммам (извлеч.)
330 Аннотация __
a Аннотация На основе международных договоров и ГК РФ рассмотрено правовое положение субъектов и объектов авторского права и смежных прав, недостатки и противоречия системы авторского права и смежных прав. Особое внимание уделено формированию принципа дуализма интеллектуальной собственности и его частных форм для авторского права и для смежных прав. Последовательное использование этого принципа позволило не только установить недостатки и ошибки международных и национальных правовых норм авторского права и смежных прав, но и получить новые, ранее неизвестные результаты, которые могут оказаться полезными для модернизации национального законодательства.
605 Заглавие как предмет __
a Заглавие Всемирная конвенция об авторском праве
605 Заглавие как предмет __
a Заглавие Соглашение ТРИПС
605 Заглавие как предмет __
a Заглавие Бернская конвенция
605 Заглавие как предмет __
a Заглавие Договор ВОИС по авторскому праву
606 Тематические рубрики __
a Основная рубрика Право
606 Тематические рубрики __
a Основная рубрика Правовая охрана интеллектуальной собственности
y Географическая подрубрика Российская Федерация; РФ; Россия
610 Ключевые слова __
a Ключевые слова авторское право; интеллектуальная собственность; история авторского права; венецианское авторское право; французское авторское право; нормативные документы; международное авторское право; российское авторское право; виды произведений; объекты авторского права; субъекты авторского права; правовая охрана; права авторов; смежные права; исключительные права; имущественные права; интеллектуальные права; правообладатели; товарные знаки; художественные произведения; литературные произведения; лицензионный договор; франшизный договор; договор франшизы; защита интеллектуальных прав; контрафактные товары; киберсквоттинг; административная защита прав; уголовная защита прав; научные произведения; научно-технические произведения; произведения изобразительного искусства; произведения архитектуры; фотографические произведения; аудиовизуальные произведения; картографические произведения; компьютерные программы; базы данных; мультимедийные произведения; сетевые произведения; программное обеспечение
686 Индексы других классификаций __
a Классификационный индекс 67.404.31я73
700 Автор _1
a Фамилия Судариков
b Имя С. А.
g Полное личное имя Станислав Анатольевич
4 Код отношения 070
801 Источник записи _0
a Страна RU
b Организация Муниципальное бюджетное учреждение культуры "Централизованная библиотечная система" г. Сургут (Центральная городская библиотека им. А. С. Пушкина)
g Правила каталогизации КиК/Поспелова
801 Источник записи _1
a Страна RU
b Организация Муниципальное бюджетное учреждение культуры "Централизованная библиотечная система" г. Сургут (Центральная городская библиотека им. А. С. Пушкина)
g Правила каталогизации КиК/Поспелова
852 Данные о местонахождении __
j Шифр хранения 67.404.31я73
i Авторский знак С 89
901 Тип документа __
t Тип документа m
903 Характеристики (МАРС) __
a Дата передачи 20110111
969 Тип издания __
a Тип издания учебник
990 Данные о заказе (DOS) __
j Количество экземпляров (DOS) 1
t N записи в КСУ для И/У (DOS) 201102